| 000 | 00508nam a2200181Ia 4500 | ||
|---|---|---|---|
| 003 | LK-CoDNM | ||
| 008 | 010623t xxu||||| |||| 00| 1 sin d | ||
| 040 |
_aLK-CoDNM _dLK-CoDNM _eLK-CoDNM |
||
| 041 | _asin | ||
| 080 |
_a341.231.14 _bKRN |
||
| 100 | _aKarunadasa,W.M | ||
| 245 | _aජාත්යන්තර මානව හිතවාදී නීතිය | ||
| 246 | _aInternational Humanitarian Law | ||
| 260 |
_bImage Lanka _aDehiwala |
||
| 300 | _bp.175, 21.2 cm | ||
| 650 | _aLaw | ||
| 942 | _cBK | ||
| 999 |
_c138294 _d138294 |
||